[Event "Stay Safe Play From Home 176"]
[Site "T#646357Emanuel Laske"]
[Date "2020.05.26"]
[Round "6"]
[White "Justwatch"]
[Black "Trotsky"]
[Result "1-0"]
[WhiteElo "1702"]
[BlackElo "1578"]
[Annotator "NA RC"]
[PlyCount "59"]
[EventDate "2020.05.26"]
[EventType "swiss (blitz)"]

1. e4 {[%emt 0:00:04]} c5 {[%emt 0:00:01]} 2. Nf3 {[%emt 0:00:01]} e6 {[%emt 0:00:00]} 3. Nc3 {[%emt 0:00:00]} d5 {[%emt 0:00:01]} 4. g3 {[%emt 0:00:01]} d4 {[%emt 0:00:01]} 5. Ne2 {[%emt 0:00:01]} Nc6 {[%emt 0:00:01]} 6. d3 {[%emt 0:00:01]} Qc7 {[%emt 0:00:02]} 7. Bg2 {[%emt 0:00:00]} Bd6 {[%emt 0:00:01]} 8. Bg5 {[%emt 0:00:01]} f6 {[%emt 0:00:01]} 9. Bd2 {[%emt 0:00:01]} Bd7 {[%emt 0:00:01]} 10. O-O {[%emt 0:00:01]} O-O-O {[%emt 0:00:01]} 11. a4 {[%emt 0:00:01]} g5 {[%emt 0:00:01]} 12. Qe1 {[%emt 0:00:01]} h5 {[%emt 0:00:01]} 13. b4 {[%emt 0:00:01]} Nh6 {[%emt 0:00:01]} 14. b5 {[%emt 0:00:01]} Ne5 {[%emt 0:00:02]} 15. Nxe5 {[%emt 0:00:01]} Bxe5 {[%emt 0:00:02]} 16. a5 {[%emt 0:00:00]} Ng4 {[%emt 0:00:02]} 17. b6 {[%emt 0:00:01]} Qb8 {[%emt 0:00:03]} 18. bxa7 {[%emt 0:00:01]} Qxa7 {[%emt 0:00:02]} 19. a6 {[%emt 0:00:00]} b6 {[%emt 0:00:03]} 20. Qb1 {[%emt 0:00:02]} Bc7 {[%emt 0:00:03]} 21. Qb3 {[%emt 0:00:01]} Qb8 {[%emt 0:00:02]} 22. a7 {[%emt 0:00:02]} Qa8 {[%emt 0:00:02]} 23. Rfb1 {[%emt 0:00:03]} Kb7 {[%emt 0:00:05]} 24. Ba5 {[%emt 0:00:02]} b5 {[%emt 0:00:13]} 25. Bd2 {[%emt 0:00:06]} Bb6 {[%emt 0:00:01]} 26. c3 {[%emt 0:00:05]} c4 {[%emt 0:00:02]} 27. dxc4 {[%emt 0:00:01]} d3 {[%emt 0:00:03]} 28. Nd4 {[%emt 0:00:02]} h4 {[%emt 0:00:02]} 29. c5 {[%emt 0:00:02]} hxg3 {[%emt 0:00:01]} 30. c6+ {[%emt 0:00:03] Âðåìÿ (Lag: Av=0.30s, max=0.4s)} 1-0

[Event "Stay Safe Play From Home 176"]
[Site "T#646357Emanuel Laske"]
[Date "2020.05.26"]
[Round "6"]
[White "matanant"]
[Black "Mepe_Nika"]
[Result "0-1"]
[WhiteElo "1702"]
[BlackElo "2249"]
[Annotator "TA"]
[PlyCount "64"]
[EventDate "2020.05.26"]
[EventType "swiss (blitz)"]

{[%evp 9,64,-20,10,-181,-172,-187,-177,-170,-156,-209,-186,-225,-176,-363,-357,-365,-365,-362,-368,-356,-367,-364,-362,-366,-355,-382,-373,-579,-564,-545,-566,-1042,-1048,-1026,-1028,-1167,-1140,-1797,-1750,-1632,-1558,-1833,-1683,-29990,-29991,-29991,-29992,-29994,-29995,-29995,-29991,-29991,-29992,-29992,-29991,-29991,-1361]} 1. b3 b6 2. Bb2 Bb7 3. d3 e6 4. e4 Nf6 5. f4 {[#]} d5 $146 ({Predecessor:} 5... g6 6. Be2 Bh6 7. g3 O-O 8. Bf3 Na6 9. h4 d6 10. Nh3 Bg7 11. Nc3 e5 {0-1 (53) Hossain,Z (1779)-Abdul,M (2039) Dhaka 2015}) 6. Nf3 $2 {A01: Nimzowitsch-Larsen Opening.} (6. e5 $11 Nfd7 7. Nf3) 6... dxe4 $19 7. dxe4 Qxd1+ ({And not} 7... Bxe4 8. Qxd8+ Kxd8 9. Ne5 $11) 8. Kxd1 {Black is clearly better.} Nxe4 {[#] ...Nf2+ is the strong threat.} 9. Ke1 (9. Kc1 $17 {was worth a try.}) 9... Bb4+ 10. c3 Bc5 $36 {[%mdl 2048] Black is on the roll.} 11. Bd3 $2 (11. Nbd2 {is a better defense.}) 11... Nf2 12. Bb5+ c6 13. Rf1 cxb5 14. Rxf2 Bxf2+ 15. Kxf2 Bxf3 16. Kxf3 Nc6 17. Nd2 O-O-O 18. Ne4 (18. Ke2 $142) 18... Rd3+ 19. Ke2 Rhd8 20. a4 f5 21. axb5 Na5 22. b4 Nc4 23. Nc5 bxc5 24. Bc1 cxb4 25. Rxa7 bxc3 26. Rxg7 {[#]} Rd2+ $1 {[%mdl 64] Promotion. Black mates.} 27. Bxd2 cxd2 {KRN-KR} 28. b6 d1=Q+ 29. Kf2 Rd2+ 30. Kg3 Qe1+ 31. Kh3 Rd3+ 32. g3 Qf1+ {White did not feel at home in the position after the opening. Accuracy: White = 14%, Black = 100%.} (32... Rd2 $142 33. Rg8+ Kb7 34. Rg7+ Kxb6 35. Rg6 Nd6 36. Rxe6 Qxe6 37. g4 Rd3+ 38. Kg2 Qe2+ {[%mdl 64] Double Attack} 39. Kh1 Qf1#) 0-1

[Event "Stay Safe Play From Home 176"]
[Site "T#646357Emanuel Laske"]
[Date "2020.05.26"]
[Round "7"]
[White "Eidgenosse"]
[Black "Fischer_11"]
[Result "1-0"]
[WhiteElo "2433"]
[BlackElo "1911"]
[Annotator "NA"]
[PlyCount "47"]
[EventDate "2020.05.26"]
[EventType "swiss (blitz)"]

1. Nf3 {[%emt 0:00:02]} d5 {[%emt 0:00:02]} 2. e3 {[%emt 0:00:00]} e6 {[%emt 0:00:00]} 3. c4 {[%emt 0:00:00]} Nf6 {[%emt 0:00:00]} 4. Nc3 {[%emt 0:00:00]} dxc4 {[%emt 0:00:01]} 5. Bxc4 {[%emt 0:00:01]} c5 {[%emt 0:00:00]} 6. O-O {[%emt 0:00:01]} Nc6 {[%emt 0:00:00]} 7. d4 {[%emt 0:00:00]} Na5 {[%emt 0:00:00]} 8. Bb5+ {[%emt 0:00:01]} Bd7 {[%emt 0:00:01]} 9. Qa4 {[%emt 0:00:01]} Bxb5 {[%emt 0:00:04]} 10. Qxb5+ {[%emt 0:00:00]} Nd7 {[%emt 0:00:00]} 11. dxc5 {[%emt 0:00:02]} Bxc5 {[%emt 0:00:02]} 12. b4 {[%emt 0:00:01]} a6 {[%emt 0:00:02]} 13. Qxa5 {[%emt 0:00:01]} Qxa5 {[%emt 0:00:03]} 14. bxa5 {[%emt 0:00:00]} Bb4 {[%emt 0:00:01]} 15. Bb2 {[%emt 0:00:05]} Rc8 {[%emt 0:00:01]} 16. Rac1 {[%emt 0:00:03]} Bxa5 {[%emt 0:00:00]} 17. Ne4 {[%emt 0:00:02]} Ke7 {[%emt 0:00:03]} 18. Ba3+ {[%emt 0:00:02]} Kd8 {[%emt 0:00:03]} 19. Rxc8+ {[%emt 0:00:01]} Kxc8 {[%emt 0:00:01]} 20. Nd6+ {[%emt 0:00:00]} Kc7 {[%emt 0:00:01]} 21. Rc1+ {[%emt 0:00:02]} Kb6 {[%emt 0:00:02]} 22. Rb1+ {[%emt 0:00:01]} Ka7 {[%emt 0:00:01]} 23. Rxb7+ {[%emt 0:00:02]} Ka8 {[%emt 0:00:00]} 24. Rxd7 {[%emt 0:00:00] Fischer_11 gibt auf (Lag: Av=0.23s, max=0.8s)} 1-0

[Event "Stay Safe Play From Home 176"]
[Site "T#646357Emanuel Laske"]
[Date "2020.05.26"]
[Round "7"]
[White "SoulofWolf"]
[Black "Lazieri3"]
[Result "1-0"]
[WhiteElo "2112"]
[BlackElo "2016"]
[Annotator "RC"]
[PlyCount "93"]
[EventDate "2020.05.26"]
[EventType "swiss (blitz)"]

1. d4 {[%emt 0:00:00]} c6 {[%emt 0:00:01]} 2. Nf3 {[%emt 0:00:01]} d5 {[%emt 0:00:00]} 3. Bg5 {[%emt 0:00:01]} Bf5 {[%emt 0:00:01]} 4. Nbd2 {[%emt 0:00:00]} h6 {[%emt 0:00:01]} 5. Bh4 {[%emt 0:00:01]} Qb6 {[%emt 0:00:00]} 6. b3 {[%emt 0:00:01]} e6 {[%emt 0:00:01]} 7. e3 {[%emt 0:00:00]} Be7 {[%emt 0:00:01]} 8. Bg3 {[%emt 0:00:01]} Nf6 {[%emt 0:00:01]} 9. Bd3 {[%emt 0:00:01]} Bxd3 {[%emt 0:00:01]} 10. cxd3 {[%emt 0:00:00]} Nbd7 {[%emt 0:00:00]} 11. O-O {[%emt 0:00:01]} O-O {[%emt 0:00:01]} 12. e4 {[%emt 0:00:00]} dxe4 {[%emt 0:00:01]} 13. dxe4 {[%emt 0:00:00]} Nh5 {[%emt 0:00:01]} 14. Qe2 {[%emt 0:00:03]} Nxg3 {[%emt 0:00:01]} 15. hxg3 {[%emt 0:00:00]} Rad8 {[%emt 0:00:02]} 16. Nc4 {[%emt 0:00:01]} Qc7 {[%emt 0:00:01]} 17. a4 {[%emt 0:00:01]} Nb6 {[%emt 0:00:01]} 18. Ne3 {[%emt 0:00:03]} c5 {[%emt 0:00:03]} 19. Rac1 {[%emt 0:00:04]} Nd7 {[%emt 0:00:05]} 20. b4 {[%emt 0:00:03]} b6 {[%emt 0:00:01]} 21. Qb5 {[%emt 0:00:06]} Qb8 {[%emt 0:00:03]} 22. Rfd1 {[%emt 0:00:04]} cxb4 {[%emt 0:00:02]} 23. d5 {[%emt 0:00:03]} exd5 {[%emt 0:00:01]} 24. Nxd5 {[%emt 0:00:00]} Bc5 {[%emt 0:00:02]} 25. Nxb4 {[%emt 0:00:03]} Bxb4 {[%emt 0:00:02]} 26. Qxb4 {[%emt 0:00:00]} Nc5 {[%emt 0:00:01]} 27. Re1 {[%emt 0:00:00]} Qd6 {[%emt 0:00:02]} 28. a5 {[%emt 0:00:01]} Nd3 {[%emt 0:00:01]} 29. Qd2 {[%emt 0:00:03]} Nxc1 {[%emt 0:00:01]} 30. Qxc1 {[%emt 0:00:01]} bxa5 {[%emt 0:00:01]} 31. e5 {[%emt 0:00:00]} Qb4 {[%emt 0:00:02]} 32. Qc7 {[%emt 0:00:02]} Rd3 {[%emt 0:00:04]} 33. Rf1 {[%emt 0:00:01]} a4 {[%emt 0:00:02]} 34. Qxa7 {[%emt 0:00:01]} a3 {[%emt 0:00:01]} 35. Qa6 {[%emt 0:00:01]} Rdd8 {[%emt 0:00:03]} 36. e6 {[%emt 0:00:01]} fxe6 {[%emt 0:00:01]} 37. Qxe6+ {[%emt 0:00:01]} Kh8 {[%emt 0:00:00]} 38. Nh4 {[%emt 0:00:02]} Rd6 {[%emt 0:00:02]} 39. Qe7 {[%emt 0:00:03]} Rd4 {[%emt 0:00:03]} 40. Ng6+ {[%emt 0:00:01]} Kh7 {[%emt 0:00:01]} 41. Nxf8+ {[%emt 0:00:00]} Kg8 {[%emt 0:00:01]} 42. Ne6 {[%emt 0:00:00]} Qxe7 {[%emt 0:00:01]} 43. Nf4 {[%emt 0:00:01]} a2 {[%emt 0:00:00]} 44. Nh5 {[%emt 0:00:00]} Qg5 {[%emt 0:00:01]} 45. Nf6+ {[%emt 0:00:00]} Qxf6 {[%emt 0:00:01]} 46. f4 {[%emt 0:00:00]} a1=Q {[%emt 0:00:00]} 47. Re1 {[%emt 0:00:00] (Lag: Av=0.53s, max=0.9s)} 1-0

[Event "Stay Safe Play From Home 176"]
[Site "T#646357Emanuel Laske"]
[Date "2020.05.26"]
[Round "7"]
[White "Tunca"]
[Black "matanant"]
[Result "0-1"]
[WhiteElo "1899"]
[BlackElo "1701"]
[Annotator "NA RC"]
[PlyCount "55"]
[EventDate "2020.05.26"]
[EventType "swiss (blitz)"]

1. e4 {[%emt 0:00:01]} e5 {[%emt 0:00:01]} 2. f4 {[%emt 0:00:01]} d5 {[%emt 0:00:00]} 3. exd5 {[%emt 0:00:01]} e4 {[%emt 0:00:01]} 4. Nc3 {[%emt 0:00:01]} Nf6 {[%emt 0:00:00]} 5. d3 {[%emt 0:00:01]} Bb4 {[%emt 0:00:01]} 6. Bd2 {[%emt 0:00:01]} Bxc3 {[%emt 0:00:02]} 7. Bxc3 {[%emt 0:00:01]} exd3 {[%emt 0:00:02]} 8. Bxd3 {[%emt 0:00:01]} O-O {[%emt 0:00:01]} 9. Ne2 {[%emt 0:00:01]} Nxd5 {[%emt 0:00:02]} 10. O-O {[%emt 0:00:01]} Nxc3 {[%emt 0:00:02]} 11. Nxc3 {[%emt 0:00:00]} Nd7 {[%emt 0:00:03]} 12. Qf3 {[%emt 0:00:01]} Nf6 {[%emt 0:00:01]} 13. Rad1 {[%emt 0:00:01]} Bg4 {[%emt 0:00:01]} 14. Bxh7+ {[%emt 0:00:02]} Kxh7 {[%emt 0:00:02]} 15. Qxg4 {[%emt 0:00:02]} Nxg4 {[%emt 0:00:01]} 16. Rxd8 {[%emt 0:00:01]} Raxd8 {[%emt 0:00:00]} 17. h3 {[%emt 0:00:02]} Ne3 {[%emt 0:00:02]} 18. Re1 {[%emt 0:00:01]} Nxc2 {[%emt 0:00:02]} 19. Re7 {[%emt 0:00:00]} Rd2 {[%emt 0:00:02]} 20. Rxc7 {[%emt 0:00:01]} Ne3 {[%emt 0:00:03]} 21. g4 {[%emt 0:00:02]} Rg2+ {[%emt 0:00:01]} 22. Kh1 {[%emt 0:00:00]} Rxb2 {[%emt 0:00:02]} 23. Re7 {[%emt 0:00:02]} Nf1 {[%emt 0:00:02]} 24. Kg1 {[%emt 0:00:02]} Ng3 {[%emt 0:00:01]} 25. Nd5 {[%emt 0:00:03]} Rc8 {[%emt 0:00:00]} 26. Nf6+ {[%emt 0:00:08]} gxf6 {[%emt 0:00:02]} 27. Rxf7+ {[%emt 0:00:01]} Kg6 {[%emt 0:00:00]} 28. Rg7+ {[%emt 0:00:01] Tunca resigns (Lag: Av=0.60s, max=0.8s)} 0-1

[Event "Stay Safe Play From Home 176"]
[Site "T#646357Emanuel Laske"]
[Date "2020.05.26"]
[Round "7"]
[White "Mest"]
[Black "Mepe_Nika"]
[Result "0-1"]
[WhiteElo "1742"]
[BlackElo "2250"]
[Annotator "RC"]
[PlyCount "84"]
[EventDate "2020.05.26"]
[EventType "swiss (blitz)"]

1. e4 {[%emt 0:00:01]} e5 {[%emt 0:00:01]} 2. Nc3 {[%emt 0:00:00]} Nf6 {[%emt 0:00:01]} 3. Bc4 {[%emt 0:00:00]} Bc5 {[%emt 0:00:01]} 4. d3 {[%emt 0:00:01]} d6 {[%emt 0:00:01]} 5. h3 {[%emt 0:00:02]} Nc6 {[%emt 0:00:01]} 6. Nf3 {[%emt 0:00:01]} O-O {[%emt 0:00:01]} 7. O-O {[%emt 0:00:02]} Na5 {[%emt 0:00:01]} 8. Na4 {[%emt 0:00:01]} Nxc4 {[%emt 0:00:01]} 9. Nxc5 {[%emt 0:00:01]} dxc5 {[%emt 0:00:02]} 10. dxc4 {[%emt 0:00:01]} Nxe4 {[%emt 0:00:01]} 11. Nxe5 {[%emt 0:00:04]} Qxd1 {[%emt 0:00:02]} 12. Rxd1 {[%emt 0:00:00]} Be6 {[%emt 0:00:00]} 13. b3 {[%emt 0:00:05]} Rad8 {[%emt 0:00:01]} 14. Bb2 {[%emt 0:00:01]} f6 {[%emt 0:00:02]} 15. Nf3 {[%emt 0:00:01]} Bf5 {[%emt 0:00:01]} 16. Re1 {[%emt 0:00:01]} Nd2 {[%emt 0:00:02]} 17. Rac1 {[%emt 0:00:01]} Nxf3+ {[%emt 0:00:01]} 18. gxf3 {[%emt 0:00:00]} Rd2 {[%emt 0:00:02]} 19. Kg2 {[%emt 0:00:05]} Kf7 {[%emt 0:00:02]} 20. Re3 {[%emt 0:00:03]} Bxc2 {[%emt 0:00:03]} 21. Rce1 {[%emt 0:00:05]} Rd7 {[%emt 0:00:01]} 22. Bc3 {[%emt 0:00:02]} Bg6 {[%emt 0:00:01]} 23. f4 {[%emt 0:00:01]} Bf5 {[%emt 0:00:03]} 24. Kg3 {[%emt 0:00:01]} Rfd8 {[%emt 0:00:01]} 25. R1e2 {[%emt 0:00:01]} Rd3 {[%emt 0:00:01]} 26. h4 {[%emt 0:00:01]} Rxe3+ {[%emt 0:00:01]} 27. Rxe3 {[%emt 0:00:01]} Rd7 {[%emt 0:00:02]} 28. f3 {[%emt 0:00:01]} b6 {[%emt 0:00:02]} 29. b4 {[%emt 0:00:01]} cxb4 {[%emt 0:00:01]} 30. Bxb4 {[%emt 0:00:01]} c5 {[%emt 0:00:01]} 31. Bc3 {[%emt 0:00:02]} Bd3 {[%emt 0:00:01]} 32. a3 {[%emt 0:00:03]} Bxc4 {[%emt 0:00:01]} 33. f5 {[%emt 0:00:01]} Rd3 {[%emt 0:00:01]} 34. Rxd3 {[%emt 0:00:03]} Bxd3 {[%emt 0:00:00]} 35. Kf4 {[%emt 0:00:00]} b5 {[%emt 0:00:01]} 36. Bd2 {[%emt 0:00:01]} a6 {[%emt 0:00:01]} 37. Ke3 {[%emt 0:00:01]} Bxf5 {[%emt 0:00:01]} 38. Be1 {[%emt 0:00:04]} g5 {[%emt 0:00:01]} 39. hxg5 {[%emt 0:00:02]} fxg5 {[%emt 0:00:00]} 40. Kd2 {[%emt 0:00:00]} h5 {[%emt 0:00:01]} 41. Kc3 {[%emt 0:00:00]} Kg6 {[%emt 0:00:01]} 42. a4 {[%emt 0:00:00]} g4 {[%emt 0:00:01] Zaman (Lag: Av=0.44s, max=0.7s) .} 0-1

[Event "Stay Safe Play From Home 176"]
[Site "T#646357Emanuel Laske"]
[Date "2020.05.26"]
[Round "7"]
[White "Trotsky"]
[Black "Praveen prasad"]
[Result "0-1"]
[WhiteElo "1567"]
[BlackElo "2265"]
[Annotator "TA"]
[PlyCount "52"]
[EventDate "2020.05.26"]
[EventType "swiss (blitz)"]

{[%evp 9,51,27,37,3,16,5,30,27,35,-7,6,0,16,4,4,-80,-70,-160,-155,-162,-169,-245,-226,-418,-306,-643,-639,-1058,-1022,-1118,-1116,-1106,-902,-1159,-812,-1828,-1693,-1564,-1196,-29996,-29997,-29997,-29998,-29999]} 1. d4 d5 2. e3 c5 3. c4 cxd4 4. exd4 dxc4 5. Bxc4 e6 6. Be3 {D20: Queen's Gambit Accepted: 3 e3 and 3 e4.} Nf6 7. Nc3 Bb4 8. Nf3 {White has an edge.} O-O 9. Qc2 {[#]} a6 $146 ({Predecessor:} 9... b6 10. O-O Bb7 11. Qe2 Nc6 12. Rac1 Rc8 13. Rfd1 Ne7 14. Ba6 Bxa6 15. Qxa6 Bxc3 16. bxc3 {½-½ (41) Schoch,T (2311)-Kolpak,S (2328) ICCF email 2016}) 10. Bd3 b5 11. Ng5 {[%cal Rd3h7]} h6 12. h4 (12. Nh7 $1 $11 {keeps the balance.}) 12... Bb7 $17 13. O-O-O (13. Nh7 $15) 13... Nbd7 ({Weaker is} 13... Bxg2 14. Rhg1 $14) 14. Kb1 Rc8 ({Reject} 14... Bxg2 $6 15. Rhg1 $11) 15. Bh7+ (15. Nh7 {was necessary.}) 15... Kh8 $19 16. Qd3 $2 (16. f3) 16... Qa5 {[%cal Rb4c3]} 17. d5 $2 (17. Ne2) 17... Bxc3 18. Bd4 Bxd4 19. Qxd4 Bxd5 {[%csl Gd5][%cal Ra5a2][%mdl 64] [#] Double Attack} 20. b3 Qa3 21. Rd2 Rc7 22. Be4 Nxe4 23. Nxe4 Rfc8 {[#] ( -> ...Rc1+)} 24. Rdd1 Rc2 {[%csl Gc2][%cal Ra3a2] Black mates.} 25. Qa1 Bxe4 {[%cal Rc2d2]} 26. Rhe1 Rc1# {[%mdl 64] Skewer. White got outplayed after the opening. Accuracy: White = 27%, Black = 87%.} 0-1

[Event "Stay Safe Play From Home 176"]
[Site "T#646357Emanuel Laske"]
[Date "2020.05.26"]
[Round "8"]
[White "Praveen prasad"]
[Black "Fischer_11"]
[Result "1-0"]
[WhiteElo "2266"]
[BlackElo "1910"]
[Annotator "NA"]
[PlyCount "95"]
[EventDate "2020.05.26"]
[EventType "swiss (blitz)"]

1. e4 {[%emt 0:00:01]} Nf6 {[%emt 0:00:01]} 2. e5 {[%emt 0:00:01]} Nd5 {[%emt 0:00:04]} 3. c4 {[%emt 0:00:01]} Nb6 {[%emt 0:00:01]} 4. c5 {[%emt 0:00:00]} Nd5 {[%emt 0:00:01]} 5. Nc3 {[%emt 0:00:00]} e6 {[%emt 0:00:01]} 6. Nxd5 {[%emt 0:00:01]} exd5 {[%emt 0:00:00]} 7. d4 {[%emt 0:00:00]} d6 {[%emt 0:00:01]} 8. cxd6 {[%emt 0:00:01]} cxd6 {[%emt 0:00:00]} 9. Nf3 {[%emt 0:00:01]} dxe5 {[%emt 0:00:01]} 10. Nxe5 {[%emt 0:00:00]} Nc6 {[%emt 0:00:00]} 11. Nxc6 {[%emt 0:00:02]} bxc6 {[%emt 0:00:01]} 12. Bd3 {[%emt 0:00:00]} Be7 {[%emt 0:00:01]} 13. O-O {[%emt 0:00:00]} O-O {[%emt 0:00:00]} 14. Re1 {[%emt 0:00:01]} Be6 {[%emt 0:00:00]} 15. Qc2 {[%emt 0:00:01]} g6 {[%emt 0:00:01]} 16. Qxc6 {[%emt 0:00:01]} Rc8 {[%emt 0:00:01]} 17. Qa4 {[%emt 0:00:01]} Qb6 {[%emt 0:00:00]} 18. Bh6 {[%emt 0:00:02]} Rfd8 {[%emt 0:00:01]} 19. b3 {[%emt 0:00:01]} Bf6 {[%emt 0:00:02]} 20. Bd2 {[%emt 0:00:01]} Qxd4 {[%emt 0:00:02]} 21. Qxd4 {[%emt 0:00:02]} Bxd4 {[%emt 0:00:00]} 22. Rac1 {[%emt 0:00:00]} Bf6 {[%emt 0:00:06]} 23. Kf1 {[%emt 0:00:03]} Kf8 {[%emt 0:00:02]} 24. Ba5 {[%emt 0:00:01]} Rxc1 {[%emt 0:00:03]} 25. Rxc1 {[%emt 0:00:01]} Rc8 {[%emt 0:00:00]} 26. Bb4+ {[%emt 0:00:01]} Ke8 {[%emt 0:00:02]} 27. Rxc8+ {[%emt 0:00:00]} Bxc8 {[%emt 0:00:00]} 28. Bc5 {[%emt 0:00:00]} a6 {[%emt 0:00:02]} 29. Ke2 {[%emt 0:00:00]} Kd7 {[%emt 0:00:01]} 30. f3 {[%emt 0:00:01]} Kc6 {[%emt 0:00:00]} 31. Be3 {[%emt 0:00:01]} d4 {[%emt 0:00:01]} 32. Bf4 {[%emt 0:00:01]} Kd5 {[%emt 0:00:01]} 33. Bd2 {[%emt 0:00:00]} Be5 {[%emt 0:00:01]} 34. Bc4+ {[%emt 0:00:01]} Kd6 {[%emt 0:00:02]} 35. f4 {[%emt 0:00:00]} Bg4+ {[%emt 0:00:03]} 36. Ke1 {[%emt 0:00:01]} Bf6 {[%emt 0:00:03]} 37. Bxa6 {[%emt 0:00:01]} Be7 {[%emt 0:00:02]} 38. Bc4 {[%emt 0:00:00]} f5 {[%emt 0:00:01]} 39. Bb4+ {[%emt 0:00:01]} Kd7 {[%emt 0:00:01]} 40. Bxe7 {[%emt 0:00:00]} Kxe7 {[%emt 0:00:00]} 41. Be2 {[%emt 0:00:00]} Kd6 {[%emt 0:00:00]} 42. Bxg4 {[%emt 0:00:01]} fxg4 {[%emt 0:00:00]} 43. Kd2 {[%emt 0:00:00]} h5 {[%emt 0:00:00]} 44. g3 {[%emt 0:00:01]} Kd5 {[%emt 0:00:00]} 45. Kd3 {[%emt 0:00:00]} h4 {[%emt 0:00:01]} 46. b4 {[%emt 0:00:01]} g5 {[%emt 0:00:02]} 47. fxg5 {[%emt 0:00:01]} hxg3 {[%emt 0:00:01]} 48. hxg3 {[%emt 0:00:01] Fischer_11 gibt auf (Lag: Av=0.70s, max=1.1s)} 1-0

[Event "Stay Safe Play From Home 176"]
[Site "T#646357Emanuel Laske"]
[Date "2020.05.26"]
[Round "8"]
[White "Mepe_Nika"]
[Black "Andrei_2011 Alex"]
[Result "1-0"]
[WhiteElo "2252"]
[BlackElo "1623"]
[Annotator "NA"]
[PlyCount "21"]
[EventDate "2020.05.26"]
[EventType "swiss (blitz)"]

1. d4 {[%emt 0:00:01]} Nf6 {[%emt 0:00:04]} 2. Bf4 {[%emt 0:00:01]} e6 {[%emt 0:00:04]} 3. e3 {[%emt 0:00:01]} Be7 {[%emt 0:00:03]} 4. c4 {[%emt 0:00:01]} d5 {[%emt 0:00:02]} 5. Nc3 {[%emt 0:00:01]} Bd7 {[%emt 0:00:04]} 6. Nf3 {[%emt 0:00:01]} c6 {[%emt 0:00:03]} 7. Qc2 {[%emt 0:00:01]} O-O {[%emt 0:00:01]} 8. g4 {[%emt 0:00:01]} Be8 {[%emt 0:00:07]} 9. Bd3 {[%emt 0:00:04]} Nfd7 {[%emt 0:00:02]} 10. O-O-O {[%emt 0:00:02]} dxc4 {[%emt 0:00:25]} 11. Bxc4 {[%emt 0:00:02] Time} 1-0

[Event "Stay Safe Play From Home 176"]
[Site "T#646357Emanuel Laske"]
[Date "2020.05.26"]
[Round "8"]
[White "Mest"]
[Black "Lazieri3"]
[Result "0-1"]
[WhiteElo "1740"]
[BlackElo "2003"]
[Annotator "RC"]
[PlyCount "102"]
[EventDate "2020.05.26"]
[EventType "swiss (blitz)"]

1. e4 {[%emt 0:00:01]} c6 {[%emt 0:00:00]} 2. Nc3 {[%emt 0:00:00]} d5 {[%emt 0:00:00]} 3. exd5 {[%emt 0:00:00]} cxd5 {[%emt 0:00:00]} 4. d4 {[%emt 0:00:00]} Nc6 {[%emt 0:00:00]} 5. Nf3 {[%emt 0:00:01]} Nf6 {[%emt 0:00:00]} 6. h3 {[%emt 0:00:00]} Bf5 {[%emt 0:00:00]} 7. Bb5 {[%emt 0:00:00]} e6 {[%emt 0:00:01]} 8. Bxc6+ {[%emt 0:00:00]} bxc6 {[%emt 0:00:01]} 9. O-O {[%emt 0:00:00]} Bd6 {[%emt 0:00:00]} 10. Ne5 {[%emt 0:00:01]} O-O {[%emt 0:00:01]} 11. Nxc6 {[%emt 0:00:01]} Qc7 {[%emt 0:00:02]} 12. Ne5 {[%emt 0:00:02]} Bxe5 {[%emt 0:00:01]} 13. dxe5 {[%emt 0:00:00]} Qxe5 {[%emt 0:00:00]} 14. f4 {[%emt 0:00:01]} Qc7 {[%emt 0:00:01]} 15. Kh1 {[%emt 0:00:01]} h6 {[%emt 0:00:01]} 16. Be3 {[%emt 0:00:02]} Ne4 {[%emt 0:00:01]} 17. Bd4 {[%emt 0:00:01]} Nxc3 {[%emt 0:00:01]} 18. bxc3 {[%emt 0:00:02]} Be4 {[%emt 0:00:01]} 19. Rb1 {[%emt 0:00:02]} f6 {[%emt 0:00:01]} 20. Qd2 {[%emt 0:00:01]} Qd7 {[%emt 0:00:03]} 21. Rb2 {[%emt 0:00:02]} e5 {[%emt 0:00:01]} 22. fxe5 {[%emt 0:00:01]} Qxh3+ {[%emt 0:00:01]} 23. Kg1 {[%emt 0:00:05]} Qh4 {[%emt 0:00:03]} 24. e6 {[%emt 0:00:04]} Rae8 {[%emt 0:00:03]} 25. Rf4 {[%emt 0:00:01]} Qg5 {[%emt 0:00:02]} 26. Be3 {[%emt 0:00:01]} Qg6 {[%emt 0:00:01]} 27. Rb7 {[%emt 0:00:07]} Rxe6 {[%emt 0:00:01]} 28. Rxa7 {[%emt 0:00:01]} Rfe8 {[%emt 0:00:02]} 29. Bd4 {[%emt 0:00:01]} Bxg2 {[%emt 0:00:02]} 30. Qxg2 {[%emt 0:00:02]} Re1+ {[%emt 0:00:01]} 31. Rf1 {[%emt 0:00:02]} Rxf1+ {[%emt 0:00:02]} 32. Kxf1 {[%emt 0:00:01]} Qxg2+ {[%emt 0:00:02]} 33. Kxg2 {[%emt 0:00:00]} Re2+ {[%emt 0:00:01]} 34. Kf3 {[%emt 0:00:01]} Rxc2 {[%emt 0:00:00]} 35. Ke3 {[%emt 0:00:01]} h5 {[%emt 0:00:01]} 36. a4 {[%emt 0:00:00]} h4 {[%emt 0:00:01]} 37. Kd3 {[%emt 0:00:00]} Ra2 {[%emt 0:00:01]} 38. a5 {[%emt 0:00:02]} h3 {[%emt 0:00:01]} 39. Bg1 {[%emt 0:00:01]} h2 {[%emt 0:00:01]} 40. Bxh2 {[%emt 0:00:02]} Rxh2 {[%emt 0:00:00]} 41. a6 {[%emt 0:00:00]} Ra2 {[%emt 0:00:00]} 42. Ra8+ {[%emt 0:00:01]} Kf7 {[%emt 0:00:01]} 43. a7 {[%emt 0:00:00]} Ra4 {[%emt 0:00:01]} 44. Kc2 {[%emt 0:00:03]} Kg6 {[%emt 0:00:01]} 45. Kb3 {[%emt 0:00:00]} Ra1 {[%emt 0:00:01]} 46. Kb4 {[%emt 0:00:01]} f5 {[%emt 0:00:00]} 47. Kb5 {[%emt 0:00:01]} f4 {[%emt 0:00:00]} 48. Kb6 {[%emt 0:00:01]} Rb1+ {[%emt 0:00:00]} 49. Kc7 {[%emt 0:00:01]} Ra1 {[%emt 0:00:00]} 50. Kb7 {[%emt 0:00:01]} Rb1+ {[%emt 0:00:00]} 51. Kc7 {[%emt 0:00:01]} Ra1 {[%emt 0:00:00] . Zaman (Lag: Av=0.61s, max=1.0s)} 0-1

[Event "Stay Safe Play From Home 176"]
[Site "T#646357Emanuel Laske"]
[Date "2020.05.26"]
[Round "8"]
[White "matanant"]
[Black "Eidgenosse"]
[Result "0-1"]
[WhiteElo "1727"]
[BlackElo "2435"]
[Annotator "TA"]
[PlyCount "28"]
[EventDate "2020.05.26"]
[EventType "swiss (blitz)"]

{[%evp 9,28,-8,0,-9,0,0,0,-29,-31,-31,-6,-14,-20,-38,-45,-219,-10,-71,-68,-1204,-1194]} 1. b3 d6 2. Bb2 e5 3. e3 Nf6 4. d4 Nbd7 5. dxe5 dxe5 6. Nf3 {A01: Nimzowitsch-Larsen Opening.} e4 7. Nd4 {[#]} g6 $146 ({Predecessor:} 7... c6 8. Bc4 Be7 9. Nf5 Qa5+ 10. Nd2 Qxf5 11. O-O Ne5 12. Bxe5 Bc5 13. a3 a5 {0-1 (24) Zdravkovic,D (1810)-Milutinovic,D (1977) Belgrade 2018}) 8. c4 {The position is equal.} Bg7 9. Be2 O-O 10. O-O Re8 11. Qd2 Ne5 12. Nc3 $2 {[#]} (12. Nb5 $15 Nd3 13. Bxd3 exd3 14. N5c3) 12... Bg4 $2 (12... c5 $19 13. Qd1 cxd4 14. exd4 Nc6) 13. h3 (13. Rad1 $11) 13... Bxe2 14. Ndxe2 $4 {[%mdl 8192]} (14. Qxe2 $15 Nd3 15. Rad1) 14... Qxd2 {Accuracy: White = 41%, Black = 76%.} 0-1